All Together Now - The Beatles Lyrics Quiz - Statistics

General Stats
  • This quiz has been taken 9 times
  • The average score is 212 of 246
Answer Stats
Answer % Correct
a
100%
A
100%
All
100%
B
100%
C
100%
Can
100%
D
100%
E
100%
F
100%
G
100%
H
100%
have
100%
I
100%
J
100%
love
100%
more?
100%
my
100%
now
100%
the
100%
to
100%
together
100%
you
100%
Four
88%
friend
88%
little
88%
me
88%
One
88%
Three
88%
tree
88%
Two
88%
and
75%
tea?
75%
bed?
63%
bring
63%
Eight
63%
Five
63%
Nine
63%
Seven
63%
Six
63%
take
63%
Ten
63%
yellow
63%
at
50%
Black
50%
blue
50%
green
50%
Look
50%
orange
50%
Pink
50%
red
50%
Sail
50%
ship
50%
tree
50%
white
50%
Bom
38%
bom
38%
brown
38%
Chop
38%
rope
38%
Skip
38%
bompa
13%
No matching quizzes found
Score Distribution
Percent of People with Each Score
Percentile by Number Answered
Your Score History
You have not taken this quiz